[Event "Sunnyvale Silicon Valley Fall op"]
[Site "Sunnyvale"]
[Date "2023.08.31"]
[Round "1"]
[White "Yu, Jiangwei"]
[Black "Corrales Jimenez, Fidel"]
[Result "0-1"]
[WhiteElo "2333"]
[BlackElo "2533"]
[PlyCount "76"]
[EventDate "2023.08.31"]
[EventType "swiss"]
[EventRounds "9"]
[EventCountry "USA"]
[SourceTitle "EXT 2024"]
[Source "ChessBase"]
[SourceDate "2023.10.10"]
[SourceVersion "1"]
[SourceVersionDate "2023.10.10"]
[SourceQuality "1"]

1. d4 Nf6 2. c4 e6 3. Nc3 Bb4 4. e3 0-0 5. Nf3 c5 6. Bd3 d5 7. cxd5 exd5 8. dxc5 Nbd7 9. 0-0 Nxc5 10. Ne2 Nxd3 11. Qxd3 Bd6 12. Nf4 Bg4 13. Nd4 g5 14. Nfe2 Bh5 15. Nf5 Bg6 16. e4 Re8 17. Bxg5 Bxh2+ 18. Kh1 Rxe4 19. Nh6+ Kg7 20. Qf3 Be5 21. Ng3 Qd7 22. Rad1 Qe6 23. Nxe4 Nxe4 24. Bf4 Bxf4 25. Qxf4 Qf6 26. Qh2 Qg5 27. Ng4 Qxg4 28. Qe5+ Nf6 29. Rxd5 Re8 30. Qg5 Qe2 31. Rdd1 Re5 32. Qd2 Qg4 33. f3 Qg3 34. Qd6 Nh5 35. Rd2 Qf4 36. Kg1 Ng3 37. Rfd1 Qe3+ 38. Rf2 Ne2+ 0-1

[Event "Naperville Shamkovich Memorial"]
[Site "Naperville"]
[Date "2023.06.04"]
[Round "9"]
[White "Rorrer, Grayson"]
[Black "Yu, Jiangwei"]
[Result "1/2-1/2"]
[WhiteElo "2263"]
[BlackElo "2214"]
[PlyCount "174"]
[EventDate "2023.05.31"]
[EventType "tourn"]
[EventRounds "9"]
[EventCountry "USA"]
[EventCategory "1"]
[SourceTitle "CBM 214 Extra"]
[Source "ChessBase"]
[SourceDate "2023.07.31"]
[SourceVersion "1"]
[SourceVersionDate "2023.07.31"]
[SourceQuality "1"]

1. d4 d5 2. c4 c6 3. cxd5 cxd5 4. Bf4 Nc6 5. e3 Nf6 6. Nc3 a6 7. Be2 Bf5 8. h3 e6 9. Nf3 Bd6 10. Bxd6 Qxd6 11. Rc1 Be4 12. 0-0 Bxf3 13. Bxf3 0-0 14. g3 Rac8 15. Qd2 Qb4 16. a3 Qb6 17. Na4 Qa7 18. Rc2 Rfd8 19. Rfc1 Ne8 20. Be2 Nd6 21. Bd3 g6 22. Rc3 Ne7 23. Rxc8 Nexc8 24. Qa5 Re8 25. Rc7 Qb8 26. Rd7 Na7 27. Qb6 Nac8 28. Qb4 b5 29. Nc3 Nb7 30. Na2 Nb6 31. Re7 Rc8 32. Nc3 Nd6 33. a4 Kf8 34. Ra7 Qxa7 35. Qxd6+ Kg8 36. axb5 a5 37. e4 Qc7 38. Qa3 dxe4 39. Nxe4 Qc1+ 40. Kg2 Qd1 41. Nc5 Qd2 42. Qb3 Qb4 43. Qxb4 axb4 44. Kf3 Nd5 45. Be4 Rb8 46. Bd3 Rd8 47. Ke4 Nb6 48. Na6 f5+ 49. Ke3 Nd5+ 50. Kd2 Rc8 51. Nc5 Kf7 52. Bc4 Ke7 53. Bxd5 exd5 54. b6 Rb8 55. b7 Kd6 56. Ke3 Re8+ 57. Kf4 Kc7 58. f3 b3 59. Nxb3 Kxb7 60. Nc5+ Kc6 61. Nd3 Re2 62. b3 Kb5 63. h4 Rd2 64. Ke3 Rd1 65. Nf4 Kc6 66. Nd3 Rb1 67. Nc5 Kb5 68. Kf4 Re1 69. Nd3 Re2 70. h5 gxh5 71. Kxf5 Re3 72. Ne5 Rxb3 73. Ke6 Rb1 74. f4 Rg1 75. f5 Rxg3 76. f6 Rg8 77. f7 Ra8 78. Kxd5 h4 79. Ke6 h3 80. Nf3 Rf8 81. Ke7 Rxf7+ 82. Kxf7 Kc4 83. Ke6 h2 84. Nxh2 Kxd4 85. Kf5 h5 86. Kg5 h4 87. Kxh4 Ke5 1/2-1/2

[Event "Naperville Shamkovich Memorial"]
[Site "Naperville"]
[Date "2023.06.03"]
[Round "6"]
[White "Yu, Jiangwei"]
[Black "Nagy, Gabor"]
[Result "0-1"]
[WhiteElo "2214"]
[BlackElo "2468"]
[PlyCount "108"]
[EventDate "2023.05.31"]
[EventType "tourn"]
[EventRounds "9"]
[EventCountry "USA"]
[EventCategory "1"]
[SourceTitle "CBM 214 Extra"]
[Source "ChessBase"]
[SourceDate "2023.07.31"]
[SourceVersion "1"]
[SourceVersionDate "2023.07.31"]
[SourceQuality "1"]

1. d4 Nf6 2. c4 e6 3. Nc3 Bb4 4. e3 b6 5. Bd2 Bb7 6. Nf3 0-0 7. Bd3 d6 8. 0-0 Nbd7 9. a3 Bxc3 10. Bxc3 Ne4 11. Be1 f5 12. Nd2 Ng5 13. f4 Nf7 14. b4 Qe7 15. Qh5 c5 16. Bh4 Qe8 17. dxc5 dxc5 18. e4 Nd6 19. Qxe8 Rfxe8 20. e5 Nf7 21. Be1 g5 22. g3 Red8 23. Be2 Rac8 24. b5 Nf8 25. Rd1 Ng6 26. h4 gxf4 27. gxf4 Rd4 28. Bg3 Rcd8 29. Nb1 Be4 30. h5 Rxd1 31. Rxd1 Rxd1+ 32. Bxd1 Bxb1 33. hxg6 hxg6 34. Kf2 Bd3 35. Be2 Bxe2 36. Kxe2 g5 37. fxg5 Nxg5 38. Bh4 Nf7 39. Bf6 Kf8 40. Kd3 Ke8 41. a4 Kd7 42. Ke3 Nh6 43. Bh4 Nf7 44. Bf6 Nd8 45. Bg5 Nb7 46. Kd3 Ke8 47. Bh4 Kf7 48. Bg5 Na5 49. Bd8 f4 50. Ke4 Nxc4 51. Kxf4 Ke8 52. Bf6 Nb2 53. Ke4 Nxa4 54. Kd3 Nb2+ 0-1

[Event "Naperville Shamkovich Memorial"]
[Site "Naperville"]
[Date "2023.06.02"]
[Round "5"]
[White "Kaplan, Avi Harrison"]
[Black "Yu, Jiangwei"]
[Result "1/2-1/2"]
[WhiteElo "2146"]
[BlackElo "2214"]
[PlyCount "57"]
[EventDate "2023.05.31"]
[EventType "tourn"]
[EventRounds "9"]
[EventCountry "USA"]
[EventCategory "1"]
[SourceTitle "CBM 214 Extra"]
[Source "ChessBase"]
[SourceDate "2023.07.31"]
[SourceVersion "1"]
[SourceVersionDate "2023.07.31"]
[SourceQuality "1"]

1. d4 d5 2. c4 e6 3. Nc3 a6 4. cxd5 exd5 5. Nf3 Nf6 6. Bg5 c6 7. Qc2 h6 8. Bxf6 gxf6 9. g3 Be6 10. Bg2 Nd7 11. e4 dxe4 12. Qxe4 Bd6 13. 0-0 Nb6 14. Rfe1 Qe7 15. Rac1 Kf8 16. Nh4 Re8 17. Qf3 Qd8 18. Re2 Kg7 19. Ne4 Be7 20. g4 Qxd4 21. Ng3 Kf8 22. Ngf5 Qd8 23. Rce1 Bb4 24. Rc1 Nd5 25. a3 Bd6 26. Rd1 Bb8 27. Nd4 Rg8 28. h3 Qc7 29. Nxe6+ 1/2-1/2

[Event "Milpitas 1000 GM IM April"]
[Site "Milpitas"]
[Date "2023.04.08"]
[Round "7.4"]
[White "Yu, Jiangwei"]
[Black "Gemy Vargas, Jose Daniel"]
[Result "1-0"]
[WhiteElo "2167"]
[BlackElo "2333"]
[PlyCount "75"]
[EventDate "2023.03.31"]
[EventType "schev"]
[EventRounds "10"]
[EventCountry "USA"]
[SourceTitle "CBM 213 Extra"]
[Source "ChessBase"]
[SourceDate "2023.05.31"]
[SourceVersion "1"]
[SourceVersionDate "2023.05.31"]
[SourceQuality "1"]

1. d4 Nf6 2. c4 e5 3. dxe5 Ng4 4. Nf3 Nc6 5. e3 g6 6. Nc3 Bg7 7. Be2 Ngxe5 8. Nxe5 Nxe5 9. 0-0 d6 10. f4 Nc6 11. Nd5 0-0 12. Rb1 a5 13. b3 Nb4 14. Bb2 c6 15. Bxg7 Kxg7 16. Qd4+ f6 17. Nc3 Re8 18. e4 c5 19. Qf2 a4 20. bxa4 f5 21. exf5 Bxf5 22. Rbd1 Qf6 23. Nb5 Red8 24. a3 Nc6 25. Rd2 Rxa4 26. Rfd1 Nd4 27. Nxd4 cxd4 28. Qxd4 Qxd4+ 29. Rxd4 Rxa3 30. Rxd6 Rxd6 31. Rxd6 Be4 32. Rd7+ Kf6 33. Rxh7 Ra1+ 34. Kf2 Ra2 35. Ke3 Bxg2 36. Bd3 Bc6 37. Rh6 Be8 38. Rh8 1-0

[Event "New York Winter GM-D"]
[Site "New York"]
[Date "2023.01.16"]
[Round "9"]
[White "Yu, Jiangwei"]
[Black "Lee, Alice"]
[Result "1/2-1/2"]
[WhiteElo "2154"]
[BlackElo "2300"]
[PlyCount "215"]
[EventDate "2023.01.12"]
[EventType "tourn"]
[EventRounds "9"]
[EventCountry "USA"]
[SourceTitle "CBM 212 Extra"]
[Source "ChessBase"]
[SourceDate "2023.03.31"]
[SourceVersion "1"]
[SourceVersionDate "2023.03.31"]
[SourceQuality "1"]

1. d4 d5 2. c4 c6 3. cxd5 cxd5 4. Bf4 Nc6 5. e3 Nf6 6. Nc3 a6 7. Be2 Bf5 8. Nf3 e6 9. Qb3 Nh5 10. Qxb7 Na5 11. Qc7 Nxf4 12. Qxd8+ Rxd8 13. exf4 Nc4 14. 0-0 Nxb2 15. Bxa6 Bb4 16. Bb5+ Ke7 17. Na4 Rb8 18. Nxb2 Rxb5 19. Rfc1 Bd6 20. Nd1 Bxf4 21. Ne3 Be4 22. Nd2 Ra8 23. a4 Rb2 24. Nxe4 dxe4 25. Rc2 Rb3 26. Re2 Rb4 27. Nc2 Rc4 28. Rxe4 Rxc2 29. Rxf4 Rxa4 30. Re1 Rd2 31. h3 Rdxd4 32. Rf3 Rf4 33. Rfe3 Ra2 34. Rf1 Rb4 35. Rc1 Rf4 36. Rf3 g5 37. Rc5 Kf6 38. h4 Ra1+ 39. Kh2 h6 40. hxg5+ hxg5 41. Kg3 Raa4 42. Rxf4+ gxf4+ 43. Kg4 Ra2 44. g3 Rxf2 45. gxf4 Rd2 46. Re5 Rd3 47. Re1 Kg6 48. f5+ exf5+ 49. Kf4 Rd4+ 50. Kf3 Kg5 51. Rg1+ Rg4 52. Ra1 Rf4+ 53. Ke3 Rh4 54. Ra7 Rh3+ 55. Kf2 f6 56. Rf7 Ra3 57. Rf8 Rh3 58. Kg2 Rb3 59. Kf2 Ra3 60. Rf7 Ra8 61. Kf3 Rc8 62. Rg7+ Kh6 63. Rg1 Rc4 64. Rg8 Ra4 65. Rg1 Kh5 66. Rg8 f4 67. Rg1 Ra2 68. Rg8 Ra1 69. Kxf4 Rf1+ 70. Ke3 Rf5 71. Ke2 Rf4 72. Ke3 Rg4 73. Rf8 Kg5 74. Kf3 Rf4+ 75. Kg3 Ra4 76. Rb8 Ra3+ 77. Kf2 Rd3 78. Ra8 Rd4 79. Kf3 Rb4 80. Ra5+ f5 81. Ra3 Rh4 82. Kg3 f4+ 83. Kf2 Rh2+ 84. Kf1 Kg4 85. Rb3 Ra2 86. Rc3 Kf5 87. Rb3 Rd2 88. Ra3 Rd4 89. Kf2 Ke4 90. Kf1 Rd2 91. Ke1 Rh2 92. Kf1 Kf5 93. Kg1 Rb2 94. Kf1 Kg4 95. Kg1 Rb1+ 96. Kf2 Rh1 97. Kg2 Rh7 98. Kf2 Rb7 99. Kg2 Rb4 100. Kf1 f3 101. Ra8 Kg3 102. Rg8+ Rg4 103. Rxg4+ Kxg4 104. Kf2 Kf4 105. Kf1 Ke3 106. Ke1 f2+ 107. Kf1 Kd2 108. Kxf2 1/2-1/2